[Event "Olomouc Chess Summer 2011 - Valoz Cup"]
[Site "Olomouc (CZE), Hotel Sigma"]
[Date "2011.08.09"]
[Round "7"]
[White "Arutinian, David"]
[Black "Bures, Jaroslav"]
[Result "1-0"]
[WhiteElo "2562"]
[BlackElo "2380"]
[PlyCount "0"]
[EventDate "2011.08.03"]

1. c4 Nf6 2. g3 c6 3. Nf3 d5 4. b3 Bg4 5. Bg2 Bxf3 6. Bxf3 e5 7. Bb2 d4 8. O-O
Bc5 9. d3 O-O 10. Na3 a5 11. Nc2 Qb6 12. Rb1 Na6 13. a3 Bd6 14. Bc1 c5 15. e3
Nb8 16. exd4 exd4 17. Bg5 Nbd7 18. b4 axb4 19. axb4 cxb4 20. Nxb4 Bxb4 21. Bd2
Ne5 22. Bxb4 Nxf3+ 23. Qxf3 Rfe8 24. Bc3 Qd6 25. Ba1 b6 26. Rb5 Rac8 27. Rfb1
Nd7 28. Rd5 Ne5 29. Qf4 Qf6 30. Qxf6 gxf6 31. Bxd4 Nf3+ 32. Kg2 Nxd4 33. Rxd4
Rc6 34. Kf3 Re5 35. Re4 Rd6 36. Rb3 Kf8 37. Ke3 Ra5 38. d4 Ra1 39. d5 Rc1 40.
Kd2 Rf1 41. Ke2 Rc1 42. h4 Rc2+ 43. Ke3 Kg7 44. Rg4+ Kf8 45. Rf4 Ke7 46. Kd3
Ra2 47. Re4+ Kd8 48. Re2 Ra6 49. Kd4 Rd7 50. Ree3 Rc7 51. Ra3 Rca7 52. Rxa6
Rxa6 53. d6 Ra2 54. Kd5 Ra5+ 55. Kc6 Rc5+ 56. Kxb6 Rxc4 57. Re7 Rc2 58. Rxf7
Rxf2 59. Rxh7 f5 60. Kc6 Rc2+ 61. Kd5 Rc3 62. Rg7 1-0

[Event "Olomouc Chess Summer 2011 - Valoz Cup"]
[Site "Olomouc (CZE), Hotel Sigma"]
[Date "2011.08.09"]
[Round "7"]
[White "Andreev, Eduard"]
[Black "Kalinitschew, Sergey"]
[Result "1/2-1/2"]
[WhiteElo "2458"]
[BlackElo "2431"]
[PlyCount "31"]
[EventDate "2011.08.03"]

1. e4 g6 2. d4 Bg7 3. Nc3 d6 4. Be3 a6 5. f4 b5 6. Bd3 Bb7 7. Nf3 Nd7 8. e5 e6
9. Qe2 Ne7 10. O-O-O Nb6 11. Ne4 Qd7 12. h4 Nf5 13. Bf2 h5 14. Kb1 Nd5 15. Qd2
b4 16. Rhe1 1/2-1/2

[Event "Olomouc Chess Summer 2011 - Valoz Cup"]
[Site "Olomouc (CZE), Hotel Sigma"]
[Date "2011.08.09"]
[Round "7"]
[White "Drozdowski, Kacper"]
[Black "Dobrowolski, Piotr"]
[Result "1-0"]
[WhiteElo "2311"]
[BlackElo "2423"]
[PlyCount "127"]
[EventDate "2011.08.03"]

1. e4 c5 2. Nf3 Nc6 3. d4 cxd4 4. Nxd4 Nf6 5. Nc3 d6 6. Bg5 e6 7. Qd2 a6 8.
O-O-O Bd7 9. f3 b5 10. Kb1 h6 11. Be3 Ne5 12. f4 b4 13. fxe5 bxc3 14. Qxc3 Rc8
15. Qe1 dxe5 16. Nb3 Qc7 17. Bd3 Rb8 18. Qa5 Qxa5 19. Nxa5 Bb5 20. Ba7 Ra8 21.
Bb6 Nd7 22. Be3 Bc5 23. Bxc5 Nxc5 24. c4 Ba4 25. b3 Rb8 26. Kb2 Ke7 27. Bc2
Rhc8 28. Kc3 Be8 29. Rd2 f6 30. b4 Na4+ 31. Bxa4 Bxa4 32. Nb3 Bc6 33. Rhd1 Ba4
34. Rd6 a5 35. a3 Rc7 36. R1d2 axb4+ 37. axb4 h5 38. Na5 Bb5 39. Kb3 Be8 40.
Ra6 h4 41. Rdd6 Bg6 42. Rxe6+ Kf7 43. g3 hxg3 44. hxg3 Bxe4 45. Red6 Bf3 46. b5
f5 47. Kb4 f4 48. gxf4 exf4 49. Rd4 g5 50. Rdd6 Be4 51. c5 f3 52. Nc4 Kg7 53.
Ra2 g4 54. Rd4 Re7 55. Nd6 Rd8 56. Kc3 g3 57. Rxe4 Rxe4 58. Nxe4 g2 59. Ra1 Kg6
60. b6 Kf5 61. Nf2 Kf4 62. b7 Ke3 63. c6 Kxf2 64. c7 1-0

[Event "Olomouc Chess Summer 2011 - Valoz Cup"]
[Site "Olomouc (CZE), Hotel Sigma"]
[Date "2011.08.09"]
[Round "7"]
[White "Butkiewicz, Lukasz"]
[Black "Antipov, Mikhail Al"]
[Result "1-0"]
[WhiteElo "2435"]
[BlackElo "2407"]
[PlyCount "65"]
[EventDate "2011.08.03"]

1. e4 c5 2. Nf3 d6 3. d4 cxd4 4. Nxd4 Nf6 5. Nc3 a6 6. Be2 e5 7. Nb3 Be7 8. O-O
O-O 9. Kh1 b6 10. a4 Bb7 11. f3 Nc6 12. Nd5 Nxd5 13. exd5 Na5 14. Nxa5 bxa5 15.
Be3 Bg5 16. Bg1 Rb8 17. c4 Ba8 18. b3 Qd7 19. Qc2 Bd8 20. f4 exf4 21. Rxf4 Bb6
22. Bxb6 Rxb6 23. Raf1 Rbb8 24. Bg4 Qc7 25. Qe2 g6 26. Rf6 Rbe8 27. Qf2 Qe7 28.
Qf4 Qe4 29. Qxe4 Rxe4 30. Be6 Bb7 31. Rxf7 Rxf7 32. Rxf7 Kh8 33. h3 1-0

[Event "Olomouc Chess Summer 2011 - Prima pack c"]
[Site "Olomouc (CZE), Hotel Sigma"]
[Date "2011.08.09"]
[Round "7"]
[White "Oparin, Grigoriy"]
[Black "Simantsev, Mikhail"]
[Result "1/2-1/2"]
[WhiteElo "2356"]
[BlackElo "2558"]
[PlyCount "69"]
[EventDate "2011.08.03"]

1. e4 c5 2. Nf3 e6 3. d4 cxd4 4. Nxd4 a6 5. Nc3 b5 6. Bd3 Qb6 7. Nf3 Nc6 8. O-O
Qb8 9. b3 Bd6 10. a4 b4 11. Nb1 Ne5 12. Nbd2 Ne7 13. Bb2 Nxd3 14. cxd3 O-O 15.
Qe2 Bc7 16. Rac1 d5 17. e5 Bd7 18. Rc2 Qb7 19. Rfc1 Rac8 20. Bd4 Bb6 21. Bxb6
Qxb6 22. Qe3 Qxe3 23. fxe3 Rxc2 24. Rxc2 Rc8 25. Rxc8+ Bxc8 26. Nd4 f6 27. N2f3
a5 28. Kf2 Bd7 29. h4 h5 30. e4 Kf7 31. Ke3 dxe4 32. dxe4 Ng6 33. Ne2 Nxe5 34.
Nxe5+ fxe5 35. Ng1 1/2-1/2

[Event "Olomouc Chess Summer 2011 - Prima pack cup"]
[Site "Olomouc (CZE), Hotel Sigma"]
[Date "2011.08.09"]
[Round "7"]
[White "Biolek, Richard Jr"]
[Black "Plat, Vojtech"]
[Result "1/2-1/2"]
[WhiteElo "2409"]
[BlackElo "2410"]
[PlyCount "0"]
[EventDate "2011.08.03"]

1. d4 Nf6 2. Nc3 d5 3. Bg5 e6 4. e4 dxe4 5. Nxe4 Nbd7 6. Nf3 Be7 7. Bxf6 Nxf6
8. Bd3 c6 9. O-O O-O 10. Ne5 Nxe4 11. Bxe4 Bf6 12. Qd3 g6 13. Rad1 Bg7 14. Rfe1
Qa5 15. Bf3 Rd8 16. Qc4 Qb6 17. b3 a5 18. a4 f6 19. Ng4 Qb4 20. Ne3 Rb8 21. c3
Qf8 22. h4 Bd7 23. h5 b5 24. Qd3 f5 25. hxg6 hxg6 26. Qc2 Be8 27. axb5 cxb5 28.
Qa2 b4 29. Qxa5 bxc3 30. Qxc3 Qb4 31. Qxb4 Rxb4 32. Nc4 Rxb3 33. Rxe6 Bf7 34.
Rd6 Rdb8 35. Ne5 Rb1 36. Rxb1 Rxb1+ 37. Kh2 Bxe5+ 38. dxe5 Re1 39. Bd5 Rxe5 40.
Rxg6+ Kf8 41. Bxf7 Kxf7 42. Ra6 Re4 43. Kg3 Rb4 44. Kh3 Rc4 45. g3 Rb4 46. f4
Rb8 47. Ra5 Kf6 48. Ra3 Rh8+ 49. Kg2 Rb8 50. Kf2 Rb6 51. Ke3 Rd6 52. Rd3 Re6+
53. Kd4 Re8 54. Ra3 Rd8+ 55. Ke3 Rd6 56. Kf3 Rb6 57. Kg2 Rb8 58. Kf3 Rb6 59. g4
fxg4+ 60. Kxg4 Rb5 1/2-1/2

[Event "Olomouc Chess Summer 2011 - Prima pack c"]
[Site "Olomouc (CZE), Hotel Sigma"]
[Date "2011.08.09"]
[Round "7"]
[White "Stachowiak, Kamil"]
[Black "Wieczorek, Oskar"]
[Result "1/2-1/2"]
[WhiteElo "2436"]
[BlackElo "2374"]
[PlyCount "61"]
[EventDate "2011.08.03"]

1. d4 Nf6 2. Nf3 g6 3. g3 Bg7 4. Bg2 O-O 5. c4 d6 6. Nc3 Nc6 7. O-O Bg4 8. d5
Na5 9. Nd2 c5 10. Qc2 a6 11. h3 Bd7 12. Rb1 b5 13. b3 Rb8 14. Bb2 Qc7 15. e4 e5
16. dxe6 fxe6 17. cxb5 axb5 18. e5 dxe5 19. Nce4 Nxe4 20. Nxe4 c4 21. h4 Bc6
22. h5 Bd5 23. hxg6 hxg6 24. Qd1 cxb3 25. axb3 Nxb3 26. Qg4 Nd4 27. Bxd4 exd4
28. Ng5 Rf5 29. Bxd5 exd5 30. Ne6 Qf7 31. Nxd4 1/2-1/2

[Event "Olomouc Chess Summer 2011 - Prima pack c"]
[Site "Olomouc (CZE), Hotel Sigma"]
[Date "2011.08.09"]
[Round "7"]
[White "Figura, Atila Gajo"]
[Black "Chernyshov, Konstantin"]
[Result "1/2-1/2"]
[WhiteElo "2358"]
[BlackElo "2552"]
[PlyCount "91"]
[EventDate "2011.08.03"]

1. e4 c6 2. d4 d5 3. e5 c5 4. dxc5 Nc6 5. Nf3 Bg4 6. c3 e6 7. Be3 Bxf3 8. Qxf3
Nxe5 9. Bb5+ Nc6 10. O-O Nf6 11. c4 Be7 12. Nc3 O-O 13. Rad1 Qa5 14. cxd5 Nxd5
15. Nxd5 exd5 16. Bxc6 bxc6 17. a3 Bf6 18. Bd2 Qa4 19. b4 Rfe8 20. Rb1 a6 21.
Qb3 Qxb3 22. Rxb3 Re2 23. Bf4 Rae8 24. a4 Rb2 25. Rxb2 Bxb2 26. g3 f6 27. Rb1
Bc3 28. h4 h6 29. h5 Be5 30. Bxe5 Rxe5 31. b5 axb5 32. axb5 cxb5 33. Rxb5 d4
34. Rb8+ Kf7 35. c6 Rc5 36. Rd8 Rxc6 37. Rxd4 Rc5 38. g4 f5 39. f3 Kf6 40. Kf2
fxg4 41. fxg4 Kg5 42. Rd7 Kxg4 43. Rxg7+ Kh4 44. Kg2 Rc2+ 45. Kg1 Kxh5 46. Rg2
1/2-1/2

[Event "Olomouc Chess Summer 2011 - Prima pack cup"]
[Site "Olomouc (CZE), Hotel Sigma"]
[Date "2011.08.09"]
[Round "7"]
[White "Gavrilov, Alexei"]
[Black "Kanovsky, David"]
[Result "1-0"]
[WhiteElo "2481"]
[BlackElo "2478"]
[PlyCount "0"]
[EventDate "2011.08.03"]

1. d4 Nf6 2. Nf3 c5 3. d5 e6 4. Nc3 b5 5. Bg5 b4 6. Ne4 Bb7 7. c4 bxc3 8. Bxf6
gxf6 9. Nxc3 f5 10. e3 Bg7 11. Bc4 Na6 12. Qd2 O-O 13. Rd1 Nb4 14. dxe6 dxe6
15. Qe2 Qa5 16. O-O Rad8 17. Nd2 Bxc3 18. bxc3 Nd5 19. Bxd5 Rxd5 20. c4 Ba6 21.
e4 Rd4 22. Nb3 Bxc4 23. Qxc4 Rxc4 24. Nxa5 Rxe4 25. Nb7 Ra4 26. Nxc5 Rxa2 27.
Rd3 Rc8 28. Nd7 Kg7 29. Rg3+ Kh6 30. f4 Rd2 31. Nf6 Rdd8 32. h4 a5 33. Rg5 a4
34. Rf3 Rd1+ 35. Kh2 Rcc1 36. Ng8+ 1-0

[Event "Olomouc Chess Summer 2011 - Winsoft comp"]
[Site "Olomouc (CZE), Hotel Sigma"]
[Date "2011.08.09"]
[Round "7"]
[White "Poznanska, Katarzyna"]
[Black "Stachanczyk, Jacek"]
[Result "0-1"]
[WhiteElo "2068"]
[BlackElo "2328"]
[PlyCount "102"]
[EventDate "2011.08.03"]

1. e4 c5 2. Nf3 d6 3. d4 cxd4 4. Nxd4 Nf6 5. f3 g6 6. c4 Nc6 7. Nc3 Qb6 8. Nc2
Bg7 9. Rb1 Ng4 10. Qd2 Bh6 11. Qe2 Bxc1 12. Nd5 Qd8 13. Rxc1 Nge5 14. Qd2 e6
15. Nc3 Qh4+ 16. Qf2 Qxf2+ 17. Kxf2 Ke7 18. Be2 f6 19. Rhd1 g5 20. Ne3 Bd7 21.
a3 Rac8 22. b4 h5 23. Rd2 Nd8 24. a4 Ndf7 25. Rcd1 a6 26. a5 h4 27. Rb1 Rc7 28.
Ke1 Rhc8 29. Kd1 Ng6 30. Kc2 Nf4 31. Bf1 Ne5 32. Kb3 h3 33. Rbd1 hxg2 34. Nxg2
Nxg2 35. Rxg2 Nxc4 36. Bxc4 Rxc4 37. Rd3 Be8 38. h4 gxh4 39. Rg7+ Bf7 40. f4 f5
41. exf5 Rxf4 42. fxe6 Kxe6 43. Rg2 Rg8 44. Rgd2 Rg3 45. b5 Ke5+ 46. Ka3 axb5
47. Nxb5 Bc4 48. Rxg3 hxg3 49. Nxd6 Bd5 50. Nb5 g2 51. Rd1 Rf1 0-1

[Event "Olomouc Chess Summer 2011 - Winsoft comp"]
[Site "Olomouc (CZE), Hotel Sigma"]
[Date "2011.08.09"]
[Round "7"]
[White "Jurek, Josef"]
[Black "Obsivac, Josef"]
[Result "1/2-1/2"]
[WhiteElo "2324"]
[BlackElo "2273"]
[PlyCount "43"]
[EventDate "2011.08.03"]

1. Nf3 d5 2. d4 Nf6 3. c4 c6 4. Qc2 dxc4 5. Qxc4 Bf5 6. g3 Nbd7 7. Nc3 e6 8.
Bg2 Be7 9. O-O O-O 10. Re1 Bg6 11. e4 b5 12. Qxc6 b4 13. e5 bxc3 14. exf6 cxb2
15. fxe7 bxa1=Q 16. exd8=Q Raxd8 17. Bg5 Qb2 18. Bxd8 Rxd8 19. d5 Nf8 20. dxe6
Nxe6 21. Bh3 Nf8 22. Qc7 1/2-1/2

[Event "Olomouc Chess Summer 2011 - Winsoft comp"]
[Site "Olomouc (CZE), Hotel Sigma"]
[Date "2011.08.09"]
[Round "7"]
[White "Dmitrenko, Viktor"]
[Black "Wiley, Tom E"]
[Result "1/2-1/2"]
[WhiteElo "2353"]
[BlackElo "2306"]
[PlyCount "55"]
[EventDate "2011.08.03"]

1. d4 d5 2. Nf3 Nf6 3. e3 c5 4. b3 cxd4 5. exd4 g6 6. Bb2 Bg7 7. Bb5+ Bd7 8.
Be2 O-O 9. O-O Nc6 10. Nbd2 Bf5 11. Nh4 Bc8 12. c4 dxc4 13. Nxc4 Be6 14. Nf3
Nd5 15. Qd2 Rc8 16. Rac1 Rc7 17. Rfd1 Qc8 18. Nce5 f6 19. Nd3 Rd8 20. Nc5 Bf7
21. a3 Nb8 22. b4 b6 23. Ne4 Rxc1 24. Rxc1 Qb7 25. Bd3 Rc8 26. Re1 Nd7 27. g3
Nf8 28. Qe2 1/2-1/2

[Event "Olomouc Chess Summer 2011 - Winsoft comp"]
[Site "Olomouc (CZE), Hotel Sigma"]
[Date "2011.08.09"]
[Round "7"]
[White "Moritz, Aron"]
[Black "Biolek, Richard"]
[Result "1/2-1/2"]
[WhiteElo "2091"]
[BlackElo "2478"]
[PlyCount "51"]
[EventDate "2011.08.03"]

1. e4 d6 2. d4 Nf6 3. Nc3 e5 4. dxe5 dxe5 5. Qxd8+ Kxd8 6. Bg5 Be6 7. O-O-O+
Nbd7 8. Nd5 Kc8 9. f3 Bc5 10. a3 h6 11. Bh4 Bxd5 12. exd5 e4 13. fxe4 Nxe4 14.
Bd3 Nd6 15. Bg3 Nf6 16. Nf3 Nde4 17. Bh4 Re8 18. c4 Ng4 19. Rhe1 f5 20. Nd2 Bf2
21. Bxf2 Ngxf2 22. Nxe4 fxe4 23. Rd2 Nxd3+ 24. Rxd3 Kd7 25. Rde3 b5 26. b3
1/2-1/2

[Event "Olomouc Chess Summer 2011 - Winsoft company cup"]
[Site "Olomouc (CZE), Hotel Sigma"]
[Date "2011.08.09"]
[Round "7"]
[White "Furman, Boris"]
[Black "Yuffa, Daniil"]
[Result "0-1"]
[WhiteElo "2262"]
[BlackElo "2302"]
[PlyCount "0"]
[EventDate "2011.08.03"]

1. d4 Nf6 2. c4 g6 3. Nc3 Bg7 4. Nf3 O-O 5. Bg5 c5 6. d5 h6 7. Bh4 d6 8. e3 g5
9. Bg3 Nh5 10. Nd2 Nxg3 11. hxg3 f5 12. f4 e6 13. dxe6 Bxe6 14. Be2 Nc6 15. Bf3
Ne7 16. Qb3 Rb8 17. Qc2 a6 18. a4 g4 19. Be2 Nc6 20. Ra3 Nb4 21. Qb1 Qe7 22.
Na2 Nxa2 23. Qxa2 b5 24. axb5 axb5 25. Kf2 Bf7 26. Qb1 bxc4 27. Nxc4 d5 28. Ne5
Bxe5 29. fxe5 Qxe5 30. Qc1 d4 31. Kf1 Rfe8 32. Bc4 dxe3 33. Bxf7+ Kxf7 34. Ra7+
Kg6 35. Ra6+ Re6 36. Rxe6+ Qxe6 37. Qc3 Rd8 38. Ke1 Qd6 39. Ke2 Qd2+ 40. Qxd2
Rxd2+ 41. Kxe3 Rxb2 0-1

[Event "Olomouc Chess Summer 2011 - Ceska pojist"]
[Site "Olomouc (CZE), Hotel Sigma"]
[Date "2011.08.09"]
[Round "7"]
[White "Vrana, Jan"]
[Black "Mackowiak, Marek"]
[Result "1/2-1/2"]
[WhiteElo "2306"]
[BlackElo "2236"]
[PlyCount "76"]
[EventDate "2011.08.03"]

1. e4 g6 2. d4 Bg7 3. f4 d6 4. Nf3 Nf6 5. Nc3 c6 6. Be3 b5 7. Bd3 b4 8. Ne2 Ba6
9. h3 Bxd3 10. Qxd3 Qa5 11. O-O Nbd7 12. Bd2 Qb6 13. e5 dxe5 14. fxe5 Nd5 15.
e6 fxe6 16. Ng5 Nc7 17. Kh1 Bf6 18. Qe4 Nf8 19. c3 bxc3 20. bxc3 Qb5 21. Rab1
Qd5 22. Qf4 Nb5 23. Ne4 Nd7 24. a4 Nd6 25. Nxd6+ Qxd6 26. Qh6 e5 27. Bg5 Bxg5
28. Qxg5 Rf8 29. Rxf8+ Kxf8 30. Ng3 exd4 31. Rf1+ Kg8 32. Nf5 Qe6 33. Nxd4 Qe5
34. Qxe5 Nxe5 35. Re1 c5 36. Rxe5 cxd4 37. cxd4 Kf7 38. Ra5 Rd8 1/2-1/2

[Event "Olomouc Chess Summer 2011 - Ceska pojistovna cup"]
[Site "Olomouc (CZE), Hotel Sigma"]
[Date "2011.08.09"]
[Round "7"]
[White "Aripov, Iskandar"]
[Black "Ruzicka, Petr"]
[Result "1/2-1/2"]
[WhiteElo "2123"]
[BlackElo "2271"]
[PlyCount "0"]
[EventDate "2011.08.03"]

1. d4 Nf6 2. c4 c5 3. d5 b5 4. cxb5 a6 5. b6 d6 6. Nc3 Nbd7 7. e4 g6 8. h4 Qxb6
9. Be2 h5 10. Nh3 Rb8 11. O-O Bg7 12. Rb1 Ng4 13. Bd2 Ndf6 14. Qa4+ Nd7 15. f3
Bd4+ 16. Kh1 Ngf6 17. Nf4 O-O 18. Qc2 Ne5 19. Nd3 Bd7 20. Nxe5 Bxe5 21. Bc4 Bg3
22. Bg5 Nh7 23. Ne2 Be5 24. Be3 Qa5 25. Bd2 Qb6 26. b3 Bb5 27. g3 Bg7 28. Kg2
Qc7 29. Nf4 Qd7 30. Qd3 Rb7 31. Ne2 1/2-1/2

[Event "Olomouc Chess Summer 2011 - Ceska pojist"]
[Site "Olomouc (CZE), Hotel Sigma"]
[Date "2011.08.09"]
[Round "7"]
[White "Balacek, Tadeas"]
[Black "Mishuchkov, Nikolai M"]
[Result "0-1"]
[WhiteElo "2251"]
[BlackElo "2415"]
[PlyCount "44"]
[EventDate "2011.08.03"]

1. d4 Nf6 2. c4 e6 3. g3 Bb4+ 4. Bd2 Bxd2+ 5. Qxd2 d5 6. Bg2 O-O 7. Nf3 c6 8.
Nc3 Nbd7 9. O-O dxc4 10. a4 a5 11. e4 Qe7 12. Rad1 b5 13. axb5 cxb5 14. d5 b4
15. d6 Qd8 16. Nb5 Rb8 17. Nfd4 Qb6 18. e5 Nxe5 19. Qg5 Nd3 20. b3 Nb2 21. Rb1
c3 22. Nc6 Qxb5 0-1

[Event "Olomouc Chess Summer 2011 - Open Olomouc"]
[Site "Olomouc"]
[Date "2011.08.09"]
[Round "7.2"]
[White "Bryzgalin, Kirill"]
[Black "Ageichenko, Genadi A"]
[Result "1-0"]
[WhiteElo "2469"]
[BlackElo "2356"]
[PlyCount "99"]
[EventDate "2011.08.04"]

1. e4 e5 2. Nf3 Nc6 3. Bc4 Bc5 4. O-O d6 5. c3 Qe7 6. d4 Bb6 7. h3 Nf6 8. Re1
O-O 9. Bb3 Bd7 10. Na3 Rae8 11. Nc4 Qd8 12. Nxb6 axb6 13. Bg5 h6 14. Bh4 Qe7
15. Bc2 Bc8 16. Qd2 Kh8 17. Nh2 g5 18. Bg3 Nh5 19. Nf1 Qf6 20. Rad1 Ne7 21. Ne3
Nf4 22. Ba4 c6 23. dxe5 dxe5 24. Qd6 Ng8 25. Qxf6+ Nxf6 26. Bc2 Be6 27. a4 Rd8
28. Kf1 h5 29. h4 g4 30. f3 gxf3 31. gxf3 Rg8 32. Kf2 Nh3+ 33. Kg2 Nd7 34. Kh2
f6 35. Rd6 Nf4 36. Red1 Rg7 37. Bxf4 exf4 38. Ng2 Rdg8 39. Nxf4 Ne5 40. Rf1 Rg1
41. Rf2 Rc1 42. Bd1 Bc4 43. Nxh5 Rg6 44. Nf4 Rh6 45. Kg3 Kg7 46. Rfd2 Bf7 47.
Nd3 Rg6+ 48. Kf2 Rxd1 49. Rxd1 Bb3 50. Nxe5 1-0

[Event "Olomouc Chess Summer 2011 - Open Olomouc"]
[Site "Olomouc"]
[Date "2011.08.09"]
[Round "7.4"]
[White "Chudinovskikh, Alexander M"]
[Black "Cagasik, Tomas"]
[Result "0-1"]
[WhiteElo "2302"]
[BlackElo "2255"]
[PlyCount "84"]
[EventDate "2011.08.04"]

1. Nf3 Nf6 2. g3 d5 3. Bg2 c6 4. O-O Bf5 5. d3 e6 6. Nbd2 h6 7. c4 Be7 8. Qb3
Qb6 9. cxd5 exd5 10. a4 Nbd7 11. a5 Qxb3 12. Nxb3 a6 13. Be3 O-O 14. Rfc1 Bg4
15. Ra4 Rfd8 16. h3 Bxf3 17. Bxf3 Ne8 18. h4 Nc7 19. Nd4 Nb5 20. b4 Bf6 21.
Nxb5 axb5 22. Ra2 Ne5 23. Bg2 d4 24. Bd2 Ra6 25. h5 Be7 26. Bh3 Nd7 27. Bxd7
Rxd7 28. g4 Rd6 29. Kg2 f5 30. f3 fxg4 31. fxg4 Re6 32. Be1 Ra8 33. Rcc2 Rf8
34. a6 bxa6 35. Rxa6 Rf4 36. Raxc6 Re3 37. Rg6 Bg5 38. Rc8+ Kh7 39. Rc7 Rxe2+
40. Kg3 Re3+ 41. Kh2 Bf6 42. Bh4 Be5 0-1

[Event "Olomouc Chess Summer 2011 - Open Olomouc"]
[Site "Olomouc"]
[Date "2011.08.09"]
[Round "7.5"]
[White "Jasny, Stanislav"]
[Black "Schmid, Thomas"]
[Result "1-0"]
[WhiteElo "2366"]
[BlackElo "2190"]
[PlyCount "119"]
[EventDate "2011.08.04"]

1. e4 c5 2. Nf3 d6 3. d4 cxd4 4. Nxd4 Nf6 5. Nc3 a6 6. Be2 e6 7. O-O Be7 8. f4
Nc6 9. Be3 O-O 10. a4 Qc7 11. Kh1 Re8 12. Bg1 Bd7 13. Nb3 b6 14. Bf3 Rab8 15.
Qe2 Bc8 16. Qc4 Bb7 17. Nd5 exd5 18. exd5 Rbc8 19. dxc6 d5 20. Qd3 Qxc6 21. Nd4
Qc7 22. Be2 Ne4 23. Qh3 Rcd8 24. Bd3 Bf8 25. Rad1 Rd6 26. Qf3 g6 27. Rfe1 f5
28. Qf1 Qc8 29. c3 Rd7 30. Nf3 Bc5 31. Bd4 Bxd4 32. Nxd4 Rc7 33. Kg1 Ree7 34.
Bc2 Nc5 35. Rxe7 Rxe7 36. Re1 Qe8 37. Rxe7 Qxe7 38. Qe2 Qxe2 39. Nxe2 Bc6 40.
b3 Kf7 41. g3 Ke7 42. Kf2 Kd6 43. Ke3 Bd7 44. Ng1 Ne4 45. Kd4 Nc5 46. Nf3 a5
47. Ng5 Ne6+ 48. Nxe6 Bxe6 49. Bd3 Bd7 50. Be2 Be8 51. Bf3 Bf7 52. h3 h5 53.
Be2 Be8 54. Ba6 Bd7 55. Bb7 Be6 56. b4 Bf7 57. b5 Be6 58. Bc6 Bf7 59. h4 g5 60.
hxg5 1-0

[Event "Olomouc Chess Summer 2011 - Open Olomouc"]
[Site "Olomouc"]
[Date "2011.08.09"]
[Round "7.6"]
[White "Rjabzev, Konstantin"]
[Black "Hobusch, Alexander"]
[Result "1/2-1/2"]
[WhiteElo "2271"]
[BlackElo "2133"]
[PlyCount "37"]
[EventDate "2011.08.04"]

1. b3 e5 2. Bb2 Nc6 3. e3 d6 4. c4 g6 5. Nc3 Bg7 6. g3 f5 7. Bg2 Nf6 8. Nge2
O-O 9. d4 e4 10. h4 h6 11. Nf4 Ne7 12. Rc1 Bd7 13. d5 Qe8 14. Bf1 g5 15. hxg5
hxg5 16. Nh5 Nxh5 17. Qxh5 Qxh5 18. Rxh5 Bf6 19. Rc2 1/2-1/2

[Event "Olomouc Chess Summer 2011 - Open Olomouc"]
[Site "Olomouc"]
[Date "2011.08.09"]
[Round "7.7"]
[White "Yefimov, Mstislav"]
[Black "De Marchi, Olivier"]
[Result "0-1"]
[WhiteElo "2127"]
[BlackElo "2267"]
[PlyCount "70"]
[EventDate "2011.08.04"]

1. d4 Nf6 2. c4 g6 3. Nc3 Bg7 4. Nf3 O-O 5. Bg5 c5 6. e3 cxd4 7. exd4 d5 8.
Bxf6 Bxf6 9. Nxd5 Bg7 10. Be2 Nc6 11. O-O Bg4 12. Re1 e6 13. Nc3 Bxf3 14. Bxf3
Nxd4 15. Rb1 Qc7 16. Qd3 Rfd8 17. Qe4 Rd7 18. b3 Rad8 19. Bd1 Nxb3 20. Rxb3
Bxc3 21. Rxc3 Rxd1 22. Rc1 R1d4 23. Qf3 Rxc4 24. Rxc4 Qxc4 25. Qxb7 Qxa2 26.
Qc7 Qd2 27. Rf1 a5 28. h3 a4 29. Qa7 Qd4 30. Qa5 Rc8 31. Rb1 Rc2 32. Rf1 Ra2
33. Qe1 a3 34. Qb1 Rd2 35. Qc1 a2 0-1

[Event "Olomouc Chess Summer 2011 - Open Olomouc"]
[Site "Olomouc"]
[Date "2011.08.09"]
[Round "7.8"]
[White "Blazeka, Matej"]
[Black "Karhanek, Pavel"]
[Result "1/2-1/2"]
[WhiteElo "2213"]
[BlackElo "2119"]
[PlyCount "86"]
[EventDate "2011.08.04"]

1. e4 g6 2. d4 Bg7 3. Nc3 c6 4. Nf3 d5 5. h3 Nf6 6. Bd3 dxe4 7. Nxe4 Nxe4 8.
Bxe4 Bf5 9. Bxf5 Qa5+ 10. c3 Qxf5 11. O-O O-O 12. Re1 Qd7 13. Qe2 e6 14. Ne5
Qe7 15. Bf4 Bxe5 16. dxe5 Rd8 17. Qe3 Rd7 18. Bg5 Qe8 19. Bf6 Na6 20. Rad1 Rxd1
21. Rxd1 Nc7 22. c4 b5 23. Rd6 bxc4 24. Qh6 Qf8 25. Qxf8+ Kxf8 26. Rxc6 Nd5 27.
Rxc4 Ke8 28. Ra4 a6 29. Bg5 Kd7 30. Kf1 Kc6 31. Rc4+ Kd7 32. Bd2 h5 33. Ke2 Rb8
34. b3 Rb5 35. f4 Rb7 36. Kd3 Rb5 37. Kd4 Ne7 38. g4 hxg4 39. hxg4 Nc6+ 40. Ke4
g5 41. Rc2 gxf4 42. Bxf4 Rb4+ 43. Rc4 Rb5 1/2-1/2

[Event "Olomouc Chess Summer 2011 - Open Olomouc"]
[Site "Olomouc"]
[Date "2011.08.09"]
[Round "7.9"]
[White "Rey, Fabrice"]
[Black "Sikora-Lerch, Jan"]
[Result "1/2-1/2"]
[WhiteElo "2116"]
[BlackElo "2210"]
[PlyCount "24"]
[EventDate "2011.08.04"]

1. d4 c5 2. d5 Nf6 3. Nf3 e6 4. Nc3 exd5 5. Nxd5 Nxd5 6. Qxd5 Nc6 7. e4 Qc7 8.
c3 d6 9. Bb5 Bd7 10. O-O O-O-O 11. Bf4 Be6 12. Qd3 Ne5 1/2-1/2

[Event "Olomouc Chess Summer 2011 - Open Olomouc"]
[Site "Olomouc"]
[Date "2011.08.09"]
[Round "7.10"]
[White "Zakharchenko, Arnold"]
[Black "Kowalczyk, Rafal"]
[Result "1/2-1/2"]
[WhiteElo "2202"]
[BlackElo "2085"]
[PlyCount "119"]
[EventDate "2011.08.04"]

1. Nf3 Nf6 2. c4 e6 3. g3 d5 4. Bg2 dxc4 5. Qa4+ Nbd7 6. Qxc4 a6 7. O-O b5 8.
Qc2 Bb7 9. Nc3 Be7 10. d4 O-O 11. Rd1 Rc8 12. Ne5 Bxg2 13. Kxg2 c5 14. dxc5
Rxc5 15. Nxd7 Nxd7 16. Be3 Rc7 17. Qe4 Qa8 18. Qxa8 Rxa8 19. Bf4 Rb7 20. Rac1
Nb6 21. Ne4 Nd5 22. Be5 f6 23. Bd4 Kf7 24. Nc5 Bxc5 25. Bxc5 Rc7 26. Bd4 Rac8
27. Rxc7+ Rxc7 28. e4 Ne7 29. Bb6 Rb7 30. Be3 Rc7 31. Rd6 Rc6 32. Rd7 e5 33. b4
Ke8 34. Ra7 Nc8 35. Rxg7 Nd6 36. Rxh7 Nxe4 37. Ra7 f5 38. h4 Nf6 39. a3 Nh5 40.
Bg5 Nf6 41. h5 Nxh5 42. Re7+ Kf8 43. Rxe5 Ng7 44. Be3 Kf7 45. Bc5 Kf6 46. Rd5
Ne6 47. f4 a5 48. Kf3 Nxc5 49. bxc5 Re6 50. Kf2 b4 51. axb4 axb4 52. Rd4 Rc6
53. Rxb4 Rxc5 54. Ke3 Rc3+ 55. Kd4 Rxg3 56. Rb6+ Kf7 57. Ke5 Ra3 58. Kxf5 Ra5+
59. Kg4 Rc5 60. f5 1/2-1/2

[Event "Olomouc Chess Summer 2011 - Open Olomouc"]
[Site "Olomouc"]
[Date "2011.08.09"]
[Round "7.11"]
[White "Falkowski, Dawid"]
[Black "Dukaczewski, Piotr"]
[Result "0-1"]
[WhiteElo "2059"]
[BlackElo "2290"]
[PlyCount "64"]
[EventDate "2011.08.04"]

1. e4 c5 2. Nf3 e6 3. d4 cxd4 4. Nxd4 Qb6 5. Nb3 Qc7 6. Bd3 a6 7. O-O Nf6 8.
Nc3 b5 9. Qe2 d6 10. a4 b4 11. Nd1 Be7 12. Bf4 Nc6 13. Ne3 O-O 14. Nc4 e5 15.
Be3 Rb8 16. a5 d5 17. Bb6 Qb7 18. exd5 Nxd5 19. Be4 Nf6 20. Bxc6 Qxc6 21. Nxe5
Qa8 22. Nd4 Re8 23. Nec6 Bc5 24. Qc4 Bxb6 25. axb6 Rxb6 26. Rfe1 Be6 27. Qc5
Nd7 28. Qg5 Rxc6 29. Nxc6 Qxc6 30. Qd2 Rc8 31. Rad1 h6 32. Qe2 a5 0-1

[Event "Olomouc Chess Summer 2011 - Open Olomouc"]
[Site "Olomouc"]
[Date "2011.08.09"]
[Round "7.12"]
[White "Blazeka, Damjan"]
[Black "Gunajew, Rafal"]
[Result "0-1"]
[WhiteElo "2052"]
[BlackElo "2258"]
[PlyCount "46"]
[EventDate "2011.08.04"]

1. e4 c5 2. Nf3 d6 3. d4 cxd4 4. Nxd4 Nf6 5. Nc3 a6 6. Bg5 e6 7. f4 Be7 8. Qf3
Qc7 9. O-O-O h6 10. Bxf6 Bxf6 11. g4 Nc6 12. Nb3 Bd7 13. h4 O-O-O 14. g5 hxg5
15. hxg5 Be7 16. Bh3 Kb8 17. Qe3 Rc8 18. Kb1 Na5 19. Qd4 g6 20. Nxa5 Qxa5 21.
e5 Bc6 22. Ne4 dxe5 23. fxe5 Rcd8 0-1